00669nam a2200241 a 4500001001300000003000900013005001700022008004100039020001000080082001700090100002000107245001800127260002900145300000800174500003500182505001700217650002300234700002000257902000800277942000700285952011800292999001700410nice12345678IN_TiNIC20260116013749.0050524s1999 dela grp 000 0 eng  ac10000a303.623bDAB aDabhi, Ignatius aHills on Fire aDelhibMedia Housec1999 a55p aincludes index and biblioraphy2 aBibliography aRiots-India-Gujrat1 aDabhi, Ignatius bSRS cBK 001040708StackRoom-aHMIbHMId2007-03-20g100.00l0o303.623 DABp019260r2016-04-01v100.00w2005-05-24yBK c12372d12372